Loading...
Beliefs | 0 | 4 | 0 | 2 | 40 | 91 | 137.50 | 0 | 2 |
Science - Biology | 0 | 4 | 2 | 0 | 30 | 98 | 119.00 | 0 | 1 |
History - US History | 1 | 0 | 0 | 0 | 15 | 35 | 35.00 | 1 | 1 |
History - Other History | 0 | 2 | 1 | 0 | 15 | 106 | 108.50 | 0 | 1 |
Other Academic | 0 | 1 | 0 | 1 | 10 | 164 | 164.00 | 0 | 0 |
Science - Chemistry | 0 | 1 | 0 | 1 | 10 | 140 | 140.00 | 0 | 0 |
Science - Physics | 0 | 1 | 0 | 1 | 10 | 110 | 110.00 | 0 | 0 |
History - European History | 0 | 1 | 0 | 1 | 10 | 141 | 141.00 | 0 | 0 |
History - World History | 0 | 1 | 0 | 0 | 10 | 113 | 113.00 | 0 | 1 |
Modern World | 0 | 1 | 0 | 0 | 10 | 129 | 129.00 | 0 | 0 |
Literature - American Literature | 0 | 0 | 0 | 0 | 0 | 0.00 | 0 | 0 |